| 000 | 00512nam a2200169 a 4500 | ||
|---|---|---|---|
| 005 | 20140412111249.0 | ||
| 008 | 020516s19uu xx 00 eng d | ||
| 020 | _a0-525-45040-8 | ||
| 050 |
_aER _bPo75 1993 |
||
| 100 | _aMilne, A. A. | ||
| 245 |
_aPooh goes visiting / _cA. A. Milne ; with decorations by Earnest H. Shepard. |
||
| 260 |
_aNew York : _bDutton Children's Books, _c1992. |
||
| 300 | _a[21] p; ill. | ||
| 650 |
_aPooh stories _xFiction |
||
| 650 |
_aChildren stories _xFiction |
||
| 999 |
_c103055 _d103055 |
||